Papers Delivered at the 15th South African Law Conference / (Record no. 868)

MARC details
000 -LEADER
fixed length control field 00516nam a22001577a 4500
005 - DATE AND TIME OF INPUT
control field 20231123070517.0
008 - DATA ELEMENTS--GENERAL INFORMATION
fixed length control field 231123b |||||||| |||| 00| 0 eng d
041 ## - LANGUAGE CODE
Language code of text English / Afrikaans
082 ## - SHELF NUMBER
DDC number 342 HUM
100 ## - MAIN AUTHOR
Main author's name The Association of Law Societies
Language of a work English / Afrikaans
245 ## - TITLE STATEMENT
Title Papers Delivered at the 15th South African Law Conference /
Statement of responsibility, etc. The Association of Law Societies
260 ## - PUBLICATION, DISTRIBUTION, ETC.
Date of publication, distribution, etc. 1996
300 ## - PHYSICAL DESCRIPTION
Dimensions 30,3 cm.
650 ## - SUBJECT`
Broad subject Legal practice
Own subject terms Law
942 ## - ADDED ENTRY ELEMENTS (KOHA)
Item type Books
942 ## - ADDED ENTRY ELEMENTS (KOHA)
-- ALISON_BN_VRIES
Holdings
Source of classification or shelving scheme Not for loan Collection code Home library Current library Shelving location Date acquired Full call number Barcode Price effective from Koha item type
Dewey Decimal Classification   TEXT BOOKS LAW SOCIETY OF NAMIBIA LIBRARY - WINDHOEK LAW SOCIETY OF NAMIBIA LIBRARY - WINDHOEK Constitutional and administrative law 11/23/2023 342 HUM LSN/2009/78 11/23/2023 Books
Dewey Decimal Classification   TEXT BOOKS LAW SOCIETY OF NAMIBIA LIBRARY - WINDHOEK LAW SOCIETY OF NAMIBIA LIBRARY - WINDHOEK Constitutional and administrative law 11/23/2023 342 HUM LSN/2009/62 11/23/2023 Books